000 01175cam a2200265 4500
008 040319n2003 000 0 eng u
020 _a1860816746
035 _a(Sirsi) u125489
041 _aeng
050 _a693.96
_c18
100 _aLittlefair, P.
110 _aBuilding Research Establishment
245 _aImpact of horizontal shading devices on peak solar gains through windows
260 _aWatford
_bBRE
_c2003
300 _a4p.
_c30cm.
490 _aBRE Information Paper
_v17/03
520 _aHorizontal shading devices are often very effective in reducing peak summertime solar gains. This information paper quantifies the effects of these devices, and gives data that can be used as correction factors for the method shown in Appendix H of Approved Document L2 (2002 edition) of the Building Regulations, as a way to meet the requirement to limit solar overheating in buildings other than dwellings.
650 _aLOUVRES
650 _aLIGHT SHELVES
650 _aBUILDING REGULATIONS 2000 APPROVED DOCUMENT L2 (2002 EDITION)
650 _aSOLAR SHADING
650 _aSUNLIGHT
690 _aBUILT ENVIRONMENT-CONSTRUCTION DESIGN
942 _n0
999 _c103408
_d103408